000 00647nac a22001931u 4500
082 _a658.8
_bBAN
090 _c6329
_d6329
100 _aBansal S. P.
245 _aMarketing management/
_cBansal S. p.
250 _a5th Rev. ed.
260 _aNew Delhi:
_bKalayani Pub.,2004
_c2004
300 _a568p.:
_bill.;
_c23 cm.
500 _adistributer: Al-Ahram
504 _aBibliography: p.565-568
511 _acatalogued by; wessam
650 _aMarketing
_xManagement
942 _cBB
_k658.5BAN
999 _c6329
_d6329